000 00717nam a2200241Ia 4500
999 _c54311
_d54311
001 21367
003 GE_BSU
005 20240328115902.0
008 181216s2006||||enk|||||||||||||| ||eng||
020 _a978143938438
020 _a9780387310732
040 _cGE_BSU
041 _aeng
080 _a004+514 B-56
100 _aBishop, Christopher M.
_921616
245 _aPattern Recognition and Machine Learning /
_cChristopher M. Bishop.
264 _aCambridge :
_bSpringer,
_c2006.
300 _a738 p.;
_b24cm.
541 _h231 Gel.
653 _aИнформационные технологии
653 _aსაინფორმაციო ტექნოლოგიები
942 _cBK
_2udc